| 000 | 00982nam a2200289 u 4500 | ||
|---|---|---|---|
| 001 | 000002905 | ||
| 005 | 20200929150259.0 | ||
| 008 | 090706s1999 dr a r 000 0 spa d | ||
| 020 | _a0965010201 | ||
| 040 |
_aDO-SdBNP _bspa _cBNPHU |
||
| 082 |
_a220.15 _bR666c |
||
| 100 | 1 |
_aRobles, Leonardo _99229 |
|
| 245 | 1 | 3 |
_aLa cara oculta de la globalización / _cLeonardo Robles ; prólogo Ramón Romero. |
| 260 |
_aSanto Domingo : _bArtimprenso, _c1999. |
||
| 300 |
_a241 p. : _bil. ; _c21 cm. |
||
| 504 | _aBibliografía : p. 243-244 | ||
| 590 | _aInventariado, 2018/BT | ||
| 650 | 4 |
_aProfecías bíblicas _99230 |
|
| 650 | 4 |
_aProfecías _99231 |
|
| 650 | 4 |
_aLiteratura apocalíptica _99232 |
|
| 650 | 4 |
_aInterpretación de la biblia _91107 |
|
| 650 | 4 |
_aBiblia _xPredicciones _ySIGLO XX _99233 |
|
| 650 | 4 |
_aBiblia _xEnseñanza _92104 |
|
| 650 | 4 |
_aGlobalización _xAspectos religiosos _99234 |
|
| 700 | 1 | 2 |
_aRomero, Ramón, _epról _99235 |
| 910 | _aValidado. Control de calidad. MFF | ||
| 999 |
_c2739 _d2739 |
||